01163nab a22002297a 4500999001500000003000400015005001700019008004100036040000700077100003400084245009100118260007300209300001100282500004300293505023700336505009000573650003300663650005800696650002000754773014600774942001300920 c5286d5286OSt20250225234412.0190604e xxu||||| |||| 00| 0 spa d cPJ aViviano Hidalgo, Marina9640013aEl silencio en la adopción. Una mirada interdisciplinaria /cMarina Viviano Hidalgo. aCiudad Autónoma de Buenos Aires :bThomson Reuters La Ley, c2025. ap. 33- aCita Online: TR LALEY AR/DOC/2699/2024 aSumario: I. Introducción.— II. Novela familiar.— III. El silencio como obstáculo en el proceso de vinculación.— IV. El silencio en la narrativa personal del niño.— V. El derecho sale a la cancha.— VI. Conclusión. t¿Te interesa el texto completo? Solicitalo al correo: koha@justierradelfuego.gov.ar  0aDERECHO A LA IDENTIDAD92345 0aDERECHOS DE LAS NIÑAS, NIÑOS Y ADOLESCENTES92741 0aADOPCIÓN99740 0271493171dCiudad Autónoma de Buenos Aires : Thomson Reuters La Ley, 2014-tRevista anales de legislación argentina. Nº 1 - Enero 2025. 2udccANA